| 000 | 00447nam a2200181Ia 4500 | ||
|---|---|---|---|
| 005 | 20260420114311.0 | ||
| 008 | 260420s9999 xx 000 0 und d | ||
| 020 | _a0-471-44428-6 | ||
| 082 |
_a657 _bBRA-A |
||
| 100 | _aBragg, Robert | ||
| 245 | 0 | _aAccounting Best Practices | |
| 250 | _a3rd Ed | ||
| 260 |
_bWiley Pub Inc _c2013 _aHoboken, New Jersey |
||
| 300 | _a407 p. | ||
| 500 | _aIncludes Index. | ||
| 650 | _aAccounting | ||
| 942 | _cBK | ||
| 999 |
_c47340 _d47340 |
||